La manía de papá (Registro nro. 161927)

Detalles MARC
000 -LEADER
campo de control de longitud fija 00894nam a22001815i 4500
001 - NÚMERO DE CONTROL
campo de control 161927
003 - IDENTIFICADOR DE NÚMERO DE CONTROL
campo de control ES-MaACL
005 - FECHA Y HORA DE LA ÚLTIMA TRANSACCIÓN
campo de control 20251111063351.0
008 - DATOS DE LONGITUD FIJA--INFORMACIÓN GENERAL
campo de control de longitud fija 990421s1881 sp |||| | spa d
040 ## - FUENTE DE CATALOGACIÓN
Centro catalogador/agencia de origen CAM
Lengua de catalogación spa
Centro/agencia transcriptor CAM
100 1# - ENTRADA PRINCIPAL--NOMBRE DE PERSONA
Nombre de persona Pérez Zúñiga, Juan,
Fechas asociadas al nombre 1860-1938
9 (RLIN) 91232
245 13 - MENCIÓN DEL TÍTULO
Título La manía de papá
Resto del título : juguete en un acto y en verso /
Mención de responsabilidad, etc. original de Juan Pérez Zúñiga.
260 ## - PUBLICACIÓN, DISTRIBUCIÓN, ETC.
Lugar de publicación, distribución, etc. Madrid :
Nombre del editor, distribuidor, etc. [Administración Lírico-Dramática],
Fecha de publicación, distribución, etc. 1881 (
Fabricante José Rodríguez)
300 ## - DESCRIPCIÓN FÍSICA
Extensión 29 p. ;
Dimensiones 20 cm.
500 ## - NOTA GENERAL
Nota general En port.: Estrenada en el Teatro Lara la noche del 11 de enero de 1881.
852 ## - LOCALIZACIÓN
Ubicación ES-MaACL
Número de control de estantería F-8597(9)
Nota libre -- Enc. pasta española
condición física -- Falto de la cub. original
Nota libre -- Enc. en un vol. facticio formando parte de la col. facticia "Teatro español moderno", vol. 50
-- .- Dedicatoria manuscrita del autor a Gustavo Saenz Diez, en anteport.
Existencias
Estatus retirado Estado de pérdida Estado de daño No para préstamo Colección Biblioteca de origen Biblioteca actual Ubicación en estantería Fecha de adquisición Total de préstamos Signatura topográfica completa Código de barras Visto por última vez Precio de reemplazo Tipo de ítem Koha
        Libros del s. XIX Biblioteca del Ateneo de Madrid Biblioteca del Ateneo de Madrid Sala Pecera Planta 2 17/01/2008   F-8597(9) 1169621 23/02/2023 23/02/2023 Libro impreso antiguo